000
00220nam a22000857a 4500
008
160922b xxu||||| |||| 00| 0 eng d
100
_9
711
_a
Gupta.K.etal
245
_a
Lab-Biology-XII
260
_a
New Delhi
_b
AP Publication
_c
2012
999
_c
3368
_d
3368